000 00643nam a2200181 a 4500
001 000042679
005 20201002040324.0
008 140204s2001 sp a 000 0 spa d
020 _a8403092423
040 _aDO-SdBNP
_bspa
_cBNPHU
082 _axxxxxx
_bxxxxx
100 1 _aBastenier, Miguel Ángel
_969976
245 1 0 _aEl Blanco Móvil :
_bcurso de periodismo /
_cMiguel Ángel Bastenier ; prólogo Joaquín Estefanía.
260 _aMadrid, :
_bSantillana
_bEdiciones el país,
_c2001.
300 _a260 p. :
_bil. ;
_c24 cm.
500 _aIncluye datos biográficos del autor en las solapas
700 1 _aEstefanía, Joaquín,
_epról.
_947332
999 _c42168
_d42168